Guess the Roblox Game by Dev - Statistics

General Stats
  • This quiz has been taken 10 times
  • The average score is 5 of 16
Answer Stats
Hint Answer % Correct
rip_indra Blox Fruits
67%
Jandel Grow a Garden/Plants vs Brainrots
67%
Cracky4 99 Nights in the Forest/Break In/Break in 2
50%
Caylusbloxx & Steakwad Escape Lava for Brainrots!
50%
SpyderSammy Steal a Brainrot
50%
Wolfpaq Brookhaven
33%
sc7ry Escape Tsunami for Brainrots!
33%
The_Spectre Forsaken
33%
Nikilis Murder Mystery 2
33%
uwuPyxl Tower of Hell
33%
Stickmasterluke Natural Disaster Survival
17%
Roy & Charcle Rainbow Friends
17%
Bethink Adopt Me!
0%
Gigi Dress to Impress
0%
ChocolateAnts Secret Staycation
0%
22freshfrenchfries The Strongest Battlegrounds
0%
No matching quizzes found
Score Distribution
Percent of People with Each Score
Percentile by Number Answered
Your Score History
You have not taken this quiz